000 00284nam a2200109Ia 4500
008 171211s9999 xx 000 0 und d
245 _aGet Rich Playing Games
245 _cScott Steinberg
260 _c2007
650 _xGAMES
856 _uhttp://down.ebook777.com/053/1430320281.pdf
999 _c348951
_d348951